Plus grandes villes de France avec la lettre A - Statistiques

Statistiques générales
  • Ce quiz a été pris 136 fois
  • Le résultat moyen est 12 sur 20
Statistiques - réponses
Population Ville % Correct
157.555 Angers
87%
2.113.705 Paris
78%
877.215 Marseille
77%
291.709 Strasbourg
75%
133.780 Amiens
73%
325.070 Nantes
73%
265.328 Bordeaux
70%
131.272 Annecy
64%
116.344 Orléans
58%
172.569 Saint-Étienne
57%
166.462 Le Havre
53%
120.996 Perpignan
50%
162.207 Villeurbanne
50%
147.751 Clermont-Ferrand
48%
156.149 Saint-Denis
47%
148.907 Saint-Denis (La Réunion)
47%
147.933 Aix-en-Provence
45%
145.182 Le Mans
45%
120.057 Besançon
37%
120.205 Boulogne-Billancourt
22%
Aucun quiz correspondant
Distribution des résultats
% des personnes avec chaque résultat
Percentile par nombre de réponses
Votre historique - résultats
Vous n’avez pas pris ce quiz